000 00633nam a2200145 a 4500
008 120416s2003 ||||||||||||||||| || u
050 _aIBRD(06)CFR/2003/1
110 _aWorld Bank
245 1 0 _aPrivate solutions for infrastructure in Mexico: country framework report for private participation in infrastructure
260 _aWashington, D.C.
_bWorld Bank
_c2003
350 _a0.00
490 _aCountry framework report
650 _aINFRASTRUCTURE--ECONOMICS--MEXICO
995 _D0.00
_FCBU-MAIN LIBRARY (Kitwe)
_H1
_I0.00
_M1
_UAVAILABLE
_WNov 26, 2007
_ZInternational Publications
999 _c54698
_d54698